000 00716nam a22002177a 4500
005 20171030140938.0
010 _aENG-120943
020 _c495.00
_a9788175416406
035 _aEN-104475
037 _bDBAD/PUB
082 _a230.3095
245 _aBuddhism in Asia :
_cedited by Suchandana Chatterjee, Anita Sengupta [and] Susmita Bhattacharya
_btraditions and imagerises /
260 _aDelhi
_bShipra
_c2012
270 _aH. O. LG 18-19,Pankaj Central Market, Patparganj
_bDelhi
_e110092
300 _ax,152p.
_c23cm(Hb)
500 _aIncludes index
700 _aSuchandana Chatterjee
700 _aAnuta Sengupta
700 _aSusmita Bhattachrya
942 _2ddc
_cEN
_h230.3095
_mBUD
999 _c146862
_d146862